Super héros du Mcu - Statistiques

Statistiques générales
  • Ce quiz a été pris 289 fois
  • Le résultat moyen est 24 sur 49
Statistiques - réponses
Réponse % Correct
Iron Man
100%
Captain America
97%
Thor
96%
Black Widow
94%
Hulk
94%
Spider man
94%
Black Panther
86%
Ant man
84%
Hawkeye
82%
Groot
81%
Vision
81%
Gamora
79%
Rocket
77%
Star Lord
77%
Wanda Maximoff
77%
Captain Marvel
76%
Doctor Strange
76%
Loki
76%
Drax
70%
Falcon
67%
La guêpe
65%
War Machine
62%
Nebula
59%
Bucky Barnes
53%
Nick Fury
49%
Mantis
45%
Pietro Maximoff
45%
Wong
37%
Shuri
35%
Valkyrie
34%
Okoye
33%
Odin
31%
L'ancien
20%
Yondu
20%
Heimdall
16%
Sif
14%
Korg
11%
M'baku
11%
Sharon Carter
9%
Yelena belova
9%
Mordo
7%
Sylvie
6%
Mobius
5%
Red guardian
5%
Kid Loki
2%
Monica Rambo
2%
Old Loki
2%
Alligator Loki
1%
Mick
1%
Aucun quiz correspondant
Distribution des résultats
% des personnes avec chaque résultat
Percentile par nombre de réponses
Votre historique - résultats
Vous n’avez pas pris ce quiz